Statistics for Koppen Climate Types

Click here to take the quiz!

General Stats

  • This quiz has been taken 95 times
  • The average score is 3 of 31

Answer Stats

TropicalA% Correct
ETTundra
65%
AmMonsoon
63%
AfRainforest
62%
AwSavanna, Dry
17%
AsSavanna, Wet
15%
BWhDesert, Hot
14%
BWkDesert, Cold
11%
BSkSteppe, Cold
11%
BShSteppe, Hot
11%
EFEternal Winter
6%
CscDry Summer, Cold Summer
3%
DscDry Summer, Cold Summer
3%
DsaDry Summer, Hot Summer
3%
CsaDry Summer, Hot Summer
3%
DsdDry Summer, Very Cold Winter
3%
CsbDry Summer, Warm Summer
3%
DsbDry Summer, Warm Summer
3%
CwcDry Winter, Cold Summer
3%
DwcDry Winter, Cold Summer
3%
CwaDry Winter, Hot Summer
3%
DwaDry Winter, Hot Summer
3%
DwdDry Winter, Very Cold Winter
3%
DwbDry Winter, Warm Summer
3%
CwbDry Winter, Warm Summer
3%
CfcWithout Dry Season, Cold Summer
3%
DfcWithout Dry Season, Cold Summer
3%
CfaWithout Dry Season, Hot Summer
3%
DfaWithout Dry Season, Hot Summer
3%
DfdWithout Dry Season, Very Cold Winter
3%
DfbWithout Dry Season, Warm Summer
3%
CfbWithout Dry Season, Warm Summer
3%

Score Distribution

Percentile by Number Answered

Percent of People with Each Score

Your Score History

You have not taken this quiz